Java cookbook /(E-BOOK) (Record no. 191925)
[ view plain ]
| 000 -LEADER | |
|---|---|
| fixed length control field | 01854 a2200253 4500 |
| 003 - CONTROL NUMBER IDENTIFIER | |
| control field | Nust |
| 005 - DATE AND TIME OF LATEST TRANSACTION | |
| control field | 20170207154027.0 |
| 010 ## - LIBRARY OF CONGRESS CONTROL NUMBER | |
| LC control number | 2004558051 |
| 020 ## - INTERNATIONAL STANDARD BOOK NUMBER | |
| International Standard Book Number | 0596007019 |
| 040 ## - CATALOGING SOURCE | |
| Transcribing agency | Nust |
| 082 00 - DEWEY DECIMAL CLASSIFICATION NUMBER | |
| Classification number | 005.133 |
| 100 1# - MAIN ENTRY--PERSONAL NAME | |
| Personal name | Darwin, Ian F. |
| 245 10 - TITLE STATEMENT | |
| Title | Java cookbook /(E-BOOK) |
| Statement of responsibility, etc. | Ian F. Darwin. |
| 250 ## - EDITION STATEMENT | |
| Edition statement | 2nd ed. |
| 260 ## - PUBLICATION, DISTRIBUTION, ETC. | |
| Place of publication, distribution, etc. | Sebastopol, CA : |
| Name of publisher, distributor, etc. | O'Reilly, |
| Date of publication, distribution, etc. | c2004. |
| 300 ## - PHYSICAL DESCRIPTION | |
| Extent | xxiv, 829 p. : |
| Other physical details | ill. ; |
| Dimensions | 24 cm. |
| 500 ## - GENERAL NOTE | |
| General note | Includes index. |
| 505 ## - FORMATTED CONTENTS NOTE | |
| Formatted contents note | Getting Started: Compiling, Running, And Debugging (Page-21) Interacting With The Environment(Page-53) Strings And Things (Page- 66) Pattern Matching With Regular Expressions (Page-96) Numbers(Page-118) Dates And Times. (Page-152) Structuring Data With Java (Page-172) Object-Oriented Techniques (Page-202) Input And Output (Page-224) Directory And Filesystem Operations(Page-276) Programming Serial And Parallel Ports(Page- 292) Graphics And Sound(Page-320) Graphical User Interfaces (Page-348) Internationalization And Localization(Page-387) Network Clients(Page-406) Server-Side Java: Sockets (Page-431) Network Clients II: Applets And Web Clients(Page-452) Web Server Java: Servlets And JSP(Page-478) Java And Electronic Mail(Page-520) Database Access(Page-559 XML(Page-595) Distributed Java: RMI (Page-609) Packages And Packaging(Page-626) Threaded Java (Page-650) Introspection, Or "A Class Named Class" (Page- 682) Using Java With Other Languages(Page-707) Afterword(Page-727) |
| 650 #0 - SUBJECT ADDED ENTRY--TOPICAL TERM | |
| Topical term or geographic name entry element | Java (Computer program language) |
| 651 ## - SUBJECT ADDED ENTRY--GEOGRAPHIC NAME | |
| Geographic name | Java cookbook /(E-BOOK) |
| 856 42 - ELECTRONIC LOCATION AND ACCESS | |
| Materials specified | Contributor biographical information |
| Uniform Resource Identifier | <a href="http://www.loc.gov/catdir/enhancements/fy0912/2004558051-b.html">http://www.loc.gov/catdir/enhancements/fy0912/2004558051-b.html</a> |
| 856 42 - ELECTRONIC LOCATION AND ACCESS | |
| Materials specified | Publisher description |
| Uniform Resource Identifier | <a href="http://www.loc.gov/catdir/enhancements/fy0715/2004558051-d.html">http://www.loc.gov/catdir/enhancements/fy0715/2004558051-d.html</a> |
| 856 42 - ELECTRONIC LOCATION AND ACCESS | |
| Materials specified | Table of contents only |
| Uniform Resource Identifier | <a href="http://www.loc.gov/catdir/enhancements/fy1001/2004558051-t.html">http://www.loc.gov/catdir/enhancements/fy1001/2004558051-t.html</a> |
| 942 ## - ADDED ENTRY ELEMENTS (KOHA) | |
| Source of classification or shelving scheme | |
| Koha item type | Book |
| Withdrawn status | Lost status | Source of classification or shelving scheme | Damaged status | Not for loan | Collection code | Permanent Location | Current Location | Date acquired | Total Checkouts | Full call number | Barcode | Date last seen | Price effective from | Koha item type |
|---|---|---|---|---|---|---|---|---|---|---|---|---|---|---|
| Military College of Signals (MCS) | Military College of Signals (MCS) | 12/12/2016 | 005.133 DAR | MCSEB-208 | 12/08/2016 | 12/12/2016 | Book |
